The North American Pyrenomycetes. : A contribution to mycologic botany /

Guardado en:
Autor Principal: Ellis, Job Bicknell, 1829-1905.
Otros Autores: Everhart, B. M. 1818-1904.
Formato: Libro
Idioma:English
Publicado: Newfield, N.J. : Ellis & Everhart, 1892.
Materias:
Acceso en línea:Texto completo
Etiquetas: Agregar Etiqueta
Sin Etiquetas, Sea el primero en etiquetar este registro!
LEADER 01038cam a22002411a 4500
001 EEA.libagro010302
008 750814s1892####njuf##########000#0#eng##
005 20191016112027.0
245 0 4 |a The North American Pyrenomycetes. :  |b A contribution to mycologic botany /  |c by J. B. Ellis and B. M. Everhart. With original illustrations by F. W. Anderson. 
260 |a Newfield, N.J. :  |b Ellis & Everhart,  |c 1892.  |e (New York :  |f Johnson Reprint Co.,  |g 1966) 
300 |a 1 p. h., iii, 793 p. :  |b 41 lám. ;  |c 24 cm. 
500 |a Cada lámina acompañada de una hoja con descripción. 
100 1 |a Ellis, Job Bicknell,  |d 1829-1905. 
700 1 |a Everhart, B. M.  |q (Benjamin Matlack),  |d 1818-1904. 
082 0 4 |a 589.23 
650 7 |a Botánica  |2 agrovoc 
650 7 |a Micología  |2 agrovoc 
650 7 |a Hongos  |2 agrovoc 
010 |a  05036435  
040 |a DLC  |c FMU  |d OCoLC  |d DLC 
050 0 0 |a QK623.P9  |b E5 
856 |3 Texto completo  |u https://www.biodiversitylibrary.org/bibliography/23252#/summary 
859 |a AR-BbBCA  |b BIB. AGRONOMIA  |h 589.23  |i E47  |p 1976/0050